000 00293nam a2200109Ia 4500
008 200302s9999 xx 000 0 und d
100 _aPaul Duchscherer & Douglas Keister
245 _aBungalow Basics: Dining Room
260 _bPomegranate Communications Inc, CA
260 _c2003
300 _a71
999 _c4604
_d4604